000 00485pab a2200181 454500
008 180718b2003 xxu||||| |||| 00| 0 eng d
100 _aGreen, Christopher
245 _aCorporate financial structures in India
260 _c2003
300 _ap.243-73.
362 _aJul-Dec
650 _aCorporate governance - India
650 _aCorporate governance
700 _aSuppakitjarak, Joy
700 _aMurinde, Victor
773 _aSouth Asian Economic Journal
909 _a59082
999 _c59082
_d59082